| 000 | 01611cam a22004337a 4500 | ||
|---|---|---|---|
| 003 | CHAP | ||
| 005 | 20250903062748.0 | ||
| 008 | 980603d1998 mx r 00110 spa d | ||
| 010 | _a75692 | ||
| 011 | _a76664 | ||
| 035 | _a86250 | ||
| 040 | _cCHAP | ||
| 090 | _aTesis | ||
| 100 | 0 | 0 |
_aRetana Rentería, Miguel Angel. _996189 |
| 245 | 1 | 0 |
_aProductividad animal y características de la fermentación ruminal en bovinos para carne alimentados con forrajes ensilados _c/por Miguel Angel Retana Rentería |
| 260 |
_aChapingo, Méx. : _bEl autor, _c1998. |
||
| 300 | _a186 h. | ||
| 502 | _aTesis (Ing. Agr. Esp. en Zootecnia) -- UACH. Departamento de Zootecnia | ||
| 590 |
_aALEPH _b10 _c20130110 _lUCH01 _h1424 |
||
| 590 |
_aBATCH-UPD _b10 _c20130110 _lUCH01 _h0006 |
||
| 590 |
_aBATCH-UPD _b10 _c20130110 _lUCH01 _h0456 |
||
| 590 |
_aBATCH-UPD _b10 _c20130409 _lUCH01 _h1942 |
||
| 590 |
_aBATCH-UPD _b10 _c20130410 _lUCH01 _h1002 |
||
| 590 |
_aBATCH-UPD _b10 _c20130914 _lUCH01 _h1310 |
||
| 590 |
_aCONVERSION _b10 _c20130109 _lUCH01 _h1341 |
||
| 650 | 1 | 4 |
_aAlimentos y alimentacion del ganado. _94326 |
| 650 | 1 | 4 |
_aEnsilaje. _937102 |
| 650 | 1 | 7 |
_aForrajes _xDigestibilidad _2 _942568 |
| 650 | 1 | 4 |
_aForrajes _xFermentación. _942572 |
| 650 | 1 | 4 |
_aForrajes _xRendimiento. _942593 |
| 650 | 1 | 4 |
_aGanado vacuno _xAlimentación. _945429 |
| 650 | 1 | 4 |
_aGanado vacuno _xProducción. _945506 |
| 650 | 1 | 4 |
_aRumen _xMicrobiología. _9100838 |
| 901 | _aBK | ||
| 905 | _aAlejandra Carrasco M. | ||
| 942 | _cFOLL | ||
| 949 |
_bBC _cTES _d33724000589594 _eTS2 _fc.2 _h32775 _i86250 _sb |
||
| 949 |
_bBC _cTES _d862501 _eTS1 _h32774 _i86250 _sb |
||
| 999 |
_c75692 _d75692 |
||